| 000 -LEADER |
| fixed length control field |
00936nam a2200265Ia 4500 |
| 001 - CONTROL NUMBER |
| control field |
11353 |
| 003 - CONTROL NUMBER IDENTIFIER |
| control field |
GE_BSU |
| 008 - FIXED-LENGTH DATA ELEMENTS--GENERAL INFORMATION |
| fixed length control field |
181216s||||||||xx |||||||||||||| ||und|| |
| 020 ## - INTERNATIONAL STANDARD BOOK NUMBER |
| International Standard Book Number |
9785991627207 |
| 040 ## - CATALOGING SOURCE |
| Transcribing agency |
GE_BSU |
| 080 ## - UNIVERSAL DECIMAL CLASSIFICATION NUMBER |
| Universal Decimal Classification number |
351(075.8):32 |
| 100 ## - MAIN ENTRY--PERSONAL NAME |
| Personal name |
Василенко,И.А. |
| 245 ## - TITLE STATEMENT |
| Title |
Государственное и муниципальное управление. |
| 245 ## - TITLE STATEMENT |
| Remainder of title |
Учебник для бакалавров. |
| 250 ## - EDITION STATEMENT |
| Edition statement |
5-е изд; перераб и доп. |
| 260 ## - PUBLICATION, DISTRIBUTION, ETC. |
| Place of publication, distribution, etc. |
Москва. |
| 260 ## - PUBLICATION, DISTRIBUTION, ETC. |
| Name of publisher, distributor, etc. |
Издательство Юрайт. |
| 260 ## - PUBLICATION, DISTRIBUTION, ETC. |
| Date of publication, distribution, etc. |
2013. |
| 300 ## - PHYSICAL DESCRIPTION |
| Extent |
495стр;21см. |
| 300 ## - PHYSICAL DESCRIPTION |
| Accompanying material |
Библиогр стр:492-495 |
| 520 ## - SUMMARY, ETC. |
| Summary, etc. |
Московский Государственный Университет им. М.В.Ломоносова. |
| 653 ## - INDEX TERM--UNCONTROLLED |
| Uncontrolled term |
Государственное и муниципальное управление. |
| 942 ## - ADDED ENTRY ELEMENTS (KOHA) |
| Koha item type |
წიგნი |